[Event "XVIII Najdorf Open 2018"]
[Site "Warsaw"]
[Date "2018.07.09"]
[Round "2"]
[White "Sowul, Bartosz"]
[Black "Klekowski, Maciej"]
[Result "1/2-1/2"]
[WhiteElo "2242"]
[BlackElo "2511"]
[Annotator "TA"]
[PlyCount "55"]
[EventDate "2018.07.08"]
[EventCountry "POL"]
[SourceTitle "playchess.com"]
[Source "ChessBase"]
[SourceQuality "1"]

{[%evp 18,55,34,33,33,-24,-19,-28,46,36,41,41,49,38,71,64,58,45,62,69,60,52,59,70,72,75,79,72,271,129,674,589,516,0,0,0,0,0,0,0]} 1. d4 d5 2. c4 e6 3. Nf3 Nf6 4. e3 b6 5. Bd3 Bb7 6. O-O Be7 7. b3 O-O 8. Bb2 Nbd7 9. Nc3 Ne4 10. Qc2 {LiveBook: 21 Games} Nxc3 {E14: Queen's Indian: Classical Variation (4 e3)} 11. Bxh7+ $146 ({White should play} 11. Bxc3 $14 Nf6 12. Ne5) ({Predecessor:} 11. Qxc3 Rc8 12. Rac1 Nf6 13. Rfd1 c6 14. Qe1 Bd6 15. Ne5 Qe7 16. f3 Nd7 17. Nxd7 Qxd7 18. Qh4 {0-1 (54) Rueetschi,U (2279)-Atlas,V (2457) Switzerland 1999}) 11... Kh8 $11 {[#] Strongly threatening ...Ne4.} 12. Bxc3 dxc4 (12... g6 $1 $11 13. Bxg6 fxg6) 13. Be4 $14 cxb3 14. axb3 Bxe4 15. Qxe4 Nf6 16. Qh4+ Nh7 $1 17. Qh3 a5 18. e4 $36 {[%mdl 2048] White is more active.} Kg8 19. Ne5 Bf6 20. f4 Qe8 21. Rf3 a4 {[#]} 22. b4 $1 Qb5 $2 (22... Bxe5 $16 23. dxe5 f5) 23. Qg4 (23. Rg3 $18 {and White stays clearly on top.} Kh8 24. d5) 23... Rfd8 $2 {[%mdl 8192]} (23... Bxe5 $16 24. fxe5 f5 25. exf6 (25. exf5 Rxf5 26. Rg3 g5 $16) 25... Nxf6 26. Qxe6+ Rf7) 24. Rh3 $18 Nf8 25. Rh8+ $2 ({Less strong is} 25. Qh5 g6 $16) ({Better is} 25. d5 $18) 25... Kxh8 $11 {The position is equal.} 26. Qh5+ Kg8 27. Qxf7+ Kh7 28. Qh5+ {Precision: White = 46%, Black = 38%.} 1/2-1/2

[Event "XVIII Najdorf Open 2018"]
[Site "Warsaw"]
[Date "2018.07.09"]
[Round "2"]
[White "Polatel, Ali"]
[Black "Rozentalis, Eduardas"]
[Result "0-1"]
[WhiteElo "2238"]
[BlackElo "2513"]
[Annotator "TA"]
[PlyCount "80"]
[EventDate "2018.07.08"]
[EventCountry "POL"]
[SourceTitle "playchess.com"]
[Source "ChessBase"]
[SourceQuality "1"]

{[%evp 23,80,10,16,14,11,-15,-14,-25,-22,-21,-16,-58,-62,-225,-221,-217,-231,-260,-110,-118,-91,-88,-85,-114,-129,-171,0,0,22,-89,-95,-160,-164,-232,-235,-254,-253,-231,-232,-253,-223,-252,-254,-384,-330,-395,-375,-393,-393,-5325,-5622,-5622,-5622,-5021,-5013,-5598,-4133,-29994,-29995]} 1. d4 Nf6 2. c4 e6 3. g3 d5 4. Nf3 dxc4 5. Bg2 Bd7 6. Ne5 Bc6 7. Nxc6 Nxc6 8. e3 {[%cal Be2e3,Be3d4][%mdl 32]} e5 {E04: Katalanisch} (8... Qd7 9. O-O Rd8 10. Qe2 e5 11. Nc3 Be7 12. Qxc4 exd4 13. Rd1 O-O 14. Bxc6 Qxc6 15. Qxc6 bxc6 16. Rxd4 Rxd4 17. exd4 {½-½ (31) Yilmaz,M (2619)-Can,E (2603) Reykjavik 2018}) 9. O-O exd4 10. exd4 Qd7 11. Qe2+ Be7 12. Qxc4 O-O {LiveBook: 3 Partien} 13. Rd1 Rad8 14. Nc3 $146 ({Vorgänger:} 14. d5 Ne5 15. Qe2 Qf5 16. Nc3 Bc5 17. Be3 Bxe3 18. fxe3 a6 19. e4 Qg5 {½-½ (19) Riedner,M (2233)-Hangweyrer,M (2332) Austria 2006}) 14... Nxd4 15. Bxb7 Qg4 16. Bf4 Ne6 17. h3 Qxh3 {Weiss muss nun ...Sg4 beachten.} 18. Bxc7 $2 {[#]} (18. Nd5 $15 Bc5 19. Nxf6+ gxf6 20. Bf3) 18... Rc8 $1 $19 {[%cal Rc8c7][%mdl 512]} 19. Nd5 (19. Bxc8 Ng4) 19... Nxd5 20. Bxd5 {[#]} Nxc7 (20... Qf5 $1 $19 {ist viel giftiger. Droht stark ...Lc5.} 21. Bxe6 fxe6) 21. Bb7 $17 Na8 22. Bxc8 Rxc8 23. Qe4 Bc5 {Droht ...Dxg3+ und aus.} 24. Rd3 {[#]} Nb6 $2 (24... Nc7 $1 $19 {zielt auf ...Se6 ab.} 25. Rc1 Ne6) 25. Rad1 $1 $11 g6 26. Rd8+ (26. b4 $1 $11 {war der einzige Weg, das Gleichgewicht zu behalten.} Bf8 27. Rd8) 26... Kg7 $17 27. Qf3 (27. Rxc8 $142 Qxc8 28. b4) 27... Be7 28. R8d4 (28. Rxc8 $142 Qxc8 29. Qc3+ Qxc3 30. bxc3) 28... Bf6 $19 29. Rf4 Qe6 30. b3 Rc2 31. Re4 Qc6 32. a4 Nd7 33. Qe3 (33. Rf4 {war nötig.} Qxf3 34. Rxf3) 33... Rc3 34. Rc4 Rxc4 ({Nicht} 34... Rxe3 35. Rxc6 Re7 36. Rdd6 $17) 35. bxc4 {Falls Weiss jetzt zu De8 käme, bestünde noch etwas Hoffnung.} Ne5 36. Qxa7 $2 (36. Rd5 Nxc4 37. Qe4) 36... Nf3+ 37. Kf1 Qxc4+ 38. Kg2 {[#]} Nh4+ $1 {[%mdl 512]} 39. Kh3 (39. gxh4 Qg4+) 39... Qe6+ 40. g4 Qe4 {Precision: Weiß = 32%, Schwarz = 66%.} 0-1

[Event "XVIII Najdorf Open 2018"]
[Site "Warsaw"]
[Date "2018.07.09"]
[Round "2"]
[White "Sanz Wawer, Daniel"]
[Black "Bartel, Michal"]
[Result "1/2-1/2"]
[WhiteElo "2233"]
[BlackElo "2349"]
[Annotator "NA"]
[PlyCount "60"]
[EventDate "2018.07.08"]
[EventCountry "POL"]
[SourceTitle "playchess.com"]
[Source "ChessBase"]
[SourceQuality "1"]

1. e4 e5 2. Nf3 Nc6 3. Bc4 Be7 4. c3 Nf6 5. d3 O-O 6. Bb3 d6 7. h3 Na5 8. Bc2 c5 9. O-O Nc6 10. Re1 Re8 11. Nbd2 Bf8 12. a4 g6 13. Nc4 Be6 14. b3 h6 15. Bb2 Bg7 16. Qd2 Qc7 17. Rad1 Rad8 18. Ne3 d5 19. exd5 Nxd5 20. Nxd5 Bxd5 21. Qe2 Na5 22. Nd2 Qc6 23. Qf1 Qb6 24. Ba3 Qc7 25. Nc4 Nxc4 26. dxc4 Be6 27. Be4 Qb6 28. Rxd8 Rxd8 29. Rb1 Qc7 30. Rd1 Bf8 1/2-1/2

[Event "XVIII Najdorf Open 2018"]
[Site "Warsaw"]
[Date "2018.07.09"]
[Round "2"]
[White "Balasubramaniam, H."]
[Black "Percivaldi, Martin"]
[Result "1/2-1/2"]
[WhiteElo "2219"]
[BlackElo "2393"]
[Annotator "NA"]
[PlyCount "52"]
[EventDate "2018.07.08"]
[EventCountry "POL"]
[SourceTitle "playchess.com"]
[Source "ChessBase"]
[SourceQuality "1"]

1. e4 e5 2. Nf3 Nc6 3. Bb5 a6 4. Ba4 Nf6 5. d3 d6 6. c4 Be7 7. h3 O-O 8. Nc3 Nd7 9. O-O Nc5 10. Bxc6 bxc6 11. d4 exd4 12. Nxd4 Bd7 13. Be3 Bf6 14. Qd2 Re8 15. f3 Rb8 16. Rad1 Ne6 17. Nxe6 Bxe6 18. b3 Qc8 19. Bg5 Bxc3 20. Qxc3 f6 21. Bf4 c5 22. Bg3 Qb7 23. Rfe1 Bf7 24. Re3 Bg6 25. Rde1 Re7 26. R1e2 Rbe8 1/2-1/2

[Event "XVIII Najdorf Open 2018"]
[Site "Warsaw"]
[Date "2018.07.09"]
[Round "2"]
[White "Kowalczyk, Rafal"]
[Black "Deszczynski, Adam"]
[Result "1/2-1/2"]
[WhiteElo "2209"]
[BlackElo "2345"]
[Annotator "TA"]
[PlyCount "179"]
[EventDate "2018.07.08"]
[EventCountry "POL"]
[SourceTitle "playchess.com"]
[Source "ChessBase"]
[SourceQuality "1"]

{[%evp 11,179,41,40,36,55,52,58,49,108,51,107,113,120,37,37,47,43,25,32,0,22,-40,0,0,33,55,49,42,37,0,8,0,0,0,48,-45,-38,-81,-89,-133,-82,-133,-104,-90,-111,-113,-116,-218,-211,-355,-241,-234,-243,-240,-242,-238,-90,-91,-97,-99,-95,-105,-117,-114,-65,-76,-48,-96,-84,-85,-74,-239,-239,-239,-239,-239,-230,-229,-160,-405,-400,-443,-445,-443,-424,-428,-427,-376,-308,-308,-308,-302,-297,-450,-438,-465,-458,-450,-450,-490,-489,-685,-443,-436,-429,-429,-422,-420,-413,-398,-398,-12847,-12850,-6597,-2295,-29966,-29968,-29974,-29978,-29977,-4947,-471,-89,-123,-74,-75,-72,-74,-74,-74,-72,-72,-72,-72,-72,-72,-72,-72,-72,-91,-91,-91,-91,-91,-91,-29980,-91,-91,-91,-91,-83,-83,0,-91,-91,-91,-91,-91,-91,-91,-91,-91,-91,-91,-91,-91,-91,-91,-91,-91]} 1. e4 d6 2. d4 Nf6 3. Nc3 g6 4. Be3 Bg7 5. f3 a6 6. Qd2 {B07: Pirc Defence: Miscellaneous Systems} b5 {LiveBook: 29 Games} 7. a3 (7. O-O-O Nbd7 8. Bh6 Bxh6 9. Qxh6 b4 10. Nce2 e5 11. dxe5 dxe5 12. Kb1 Qe7 13. Nc1 Qf8 14. Qh4 Qe7 15. Qh6 Qf8 16. Qe3 Qc5 17. Qh6 {½-½ (17) Grischuk,A (2737)-Dubov,D (2660) Doha 2016}) 7... Nbd7 8. O-O-O {White is slightly better.} Bb7 9. g4 {[%cal Bg2g4,Bg4g5][%mdl 32]} e5 $146 (9... O-O $14) ({Predecessor:} 9... h6 10. Nge2 c5 11. dxc5 Nxc5 12. Ng3 {0-1 (36) Marais,D (1813)-Stabulnieks,K (2147) Montevideo 2017}) 10. h4 (10. d5 $16) 10... h5 (10... exd4 $14 11. Bxd4 Ne5) 11. g5 $16 Ng8 12. f4 ({White should try} 12. dxe5 $16 Nxe5 13. f4) 12... exf4 $14 13. Bxf4 Ne7 14. Nf3 O-O 15. Rh3 Nc8 16. Qh2 (16. d5 $11) 16... Ncb6 17. e5 Bxf3 18. Rxf3 dxe5 19. dxe5 Qe7 $1 {[%cal Rg7e5]} 20. Re3 Nc5 $1 21. Ne4 Nxe4 22. Rxe4 Qe6 23. c3 (23. Kb1 $14) 23... Rad8 {Hoping for ...Rxd1+.} 24. Red4 Rxd4 25. cxd4 Rd8 $40 {[%mdl 128] Black wants a kill.} (25... Qa2 $142 {aiming for ...c5!} 26. Qd2 Rc8) 26. Qh3 ({White should play} 26. Qg3) 26... Qa2 {White must now prevent ...Na4.} 27. Kc2 Nd5 {[%cal Bb6d5,Bd5e7,Be7f5][%mdl 32]} 28. Bc1 Ne7 $1 29. Be3 (29. Qc3 $17) 29... Nf5 30. Bd3 (30. Bf2 $142 c5 31. Qb3 Qxb3+ 32. Kxb3) 30... Nxd4+ 31. Bxd4 Rxd4 32. Qc8+ Bf8 33. e6 Qxe6 ({Weaker is} 33... Rxh4 34. exf7+ Qxf7 35. Rf1 $11) (33... Rd5 $1 $19 {[%cal Rd5c5] and Black stays clearly on top.} 34. exf7+ Kg7) 34. Qxe6 $17 fxe6 $19 {[%mdl 4096] Endgame KRB-KRB} 35. Re1 Rxh4 36. Rxe6 Rh2+ 37. Kd1 Bd6 38. Rxg6+ Kf8 39. Be2 h4 {[%cal Bh5h4,Bh4h3,Bh3h2][%mdl 32] Threatens to win with ...Rh1+.} 40. Rh6 h3 41. b4 $2 (41. Bf3 $17) 41... Rh1+ $1 42. Kc2 h2 $1 43. Bf3 Ra1 44. Be4 Be5 45. Bd5 $2 (45. Rh3 $17) 45... Rxa3 46. Rh7 {[#]} c6 $1 47. Bh1 (47. Bxc6 Rc3+) 47... Rc3+ 48. Kd2 {If only White now had time for Rxh2!...} Rc4 49. g6 Rg4 50. Bxc6 Rxg6 (50... Rxb4 51. Bf3 $19) 51. Bb7 Rb6 52. Be4 (52. Bf3 {is a better defense.}) 52... Rd6+ 53. Kc2 Rd4 54. Bb7 Rxb4 55. Bxa6 Rb2+ 56. Kd3 Rb1 57. Bb7 b4 58. Rh5 Bd6 59. Kc2 Rg1 60. Bd5 Kg7 61. Bf3 $2 (61. Rh3) 61... Rg3 62. Be4 Rc3+ (62... b3+ $142 63. Kc1 Re3) 63. Kb2 Re3 64. Bd5 Kg6 65. Rh4 Be5+ (65... Kg5 $142 66. Rh7 Be5+ 67. Kc1 b3 68. Rb7 Rc3+ 69. Kd2 Rc5 70. Be4 b2 71. Rb6 Rc1 72. Ba8 b1=Q 73. Rxb1 Rxb1 74. Ke3 h1=Q 75. Bxh1 Rxh1 76. Ke4 Re1+ 77. Kd5 Kf5 78. Kc5 Ke4 79. Kc4 Rc1+ 80. Kb5 Kd5 81. Ka4 Kc5 82. Kb3 Kb5 83. Ka2 Kc4 84. Ka3 Ra1#) 66. Kc2 b3+ $2 (66... Rc3+ $19 {is more deadly.} 67. Kb1 b3 68. Rxh2 Bxh2) 67. Kd2 $17 Kg5 ({Don't take} 67... Rc3 68. Be4+ Kg5 69. Rxh2 $1 $11 {[%mdl 512]}) 68. Rxh2 Bf4 69. Rg2+ Kf5 {Strongly threatening ...Rg3+.} 70. Re2 Re5+ 71. Kd3 Rxd5+ {KRB-KR} 72. Kc4 Rd8 73. Kxb3 Be5 74. Kc4 Ke6 75. Kb5 Kd5 76. Rd2+ Bd4 77. Rh2 Rb8+ 78. Ka6 $2 {[%mdl 8192] [#]} (78. Ka5 $17) 78... Rb6+ $2 (78... Bc5 $1 {mates} 79. Rh6 Bd6 80. Rh7 Kc6 81. Rg7 Rb6+ 82. Ka5 Rb5+ 83. Ka6 Rb1 84. Rg5 Rb6+ 85. Ka5 Rb8 86. Ka4 Rb4+ 87. Ka5 Re4 88. Ka6 Re8 89. Rg7 Re1 90. Rg5 Re8 91. Rg7 Ra8+ 92. Ra7 Rb8 93. Rh7 Bf8 94. Rf7 Bc5 95. Rf6+ Bd6 96. Rf7 Rb6+ 97. Ka5 Rb3 98. Rc7+ Kxc7 99. Ka4 Ra3+ 100. Kb5 Rc3 101. Ka5 Kc6 102. Ka6 Ra3#) 79. Ka5 Rb1 80. Ka6 Ra1+ 81. Kb5 Rb1+ 82. Ka6 $1 Bc5 {Black is better.} 83. Rh6 Bd6 84. Ka5 Kc6 {[%cal Rb1a1]} 85. Rh4 Rb3 86. Rg4 Rh3 87. Rc4+ Bc5 88. Rg4 Ra3+ 89. Ra4 Rb3 {( -> ...Rb8)} 90. Rg4 {Precision: White = 42%, Black = 58%.} 1/2-1/2

[Event "XVIII Najdorf Open 2018"]
[Site "Warsaw"]
[Date "2018.07.09"]
[Round "2"]
[White "Mulet, Piotr"]
[Black "Socko, Monika"]
[Result "1-0"]
[WhiteElo "2202"]
[BlackElo "2464"]
[Annotator "TA"]
[PlyCount "159"]
[EventDate "2018.07.08"]
[EventCountry "POL"]
[SourceTitle "playchess.com"]
[Source "ChessBase"]
[SourceQuality "1"]

{[%evp 21,159,12,30,18,37,26,25,4,8,0,15,-27,0,0,0,0,0,-25,10,0,18,0,34,14,31,27,77,0,0,-11,0,0,0,0,8,0,20,20,68,67,101,87,111,97,87,107,106,14,92,78,95,37,45,41,30,30,45,45,42,54,254,247,241,238,256,239,530,695,12835,12833,12833,12832,12839,12835,12839,12835,12841,12838,12839,12839,12839,12840,12840,12832,12829,12833,12833,12832,12835,12829,12828,0,12834,12833,12833,12833,12837,5302,1127,0,12836,12836,12837,12837,12851,12851,12851,12851,12851,12851,12851,12851,12851,12851,12851,12851,12851,12851,12851,12851,12851,12851,12851,12851,12851,29983,12851,29982,12851,29984,12851,29986,12851,29987,12851,29983,12851,29990,12851,29991]} 1. e4 c6 2. Nc3 d5 3. Nf3 Bg4 4. h3 Bxf3 5. Qxf3 e6 6. Be2 Nd7 7. O-O Ngf6 8. d4 {B11: Caro-Kann: Two Knights Variation} dxe4 9. Nxe4 Nxe4 (9... Be7 10. Rd1 O-O 11. c3 a5 12. Bf4 Nxe4 13. Qxe4 Nf6 14. Qc2 Nd5 15. Bd2 b5 {0-1 (42) Howell,D (2676)-Laznicka,V (2647) Riadh 2017}) 10. Qxe4 Nf6 11. Qh4 Be7 {LiveBook: 4 Games} 12. Rd1 Nd5 $146 ({Predecessor:} 12... Qd5 13. Bd3 Qh5 14. Qxh5 Nxh5 15. Be3 O-O {0-1 (67) Lerch,P (2353)-Kuehn,P (2352) Germany 2005}) 13. Qg4 Bf6 14. c4 Ne7 15. Bf4 O-O 16. c5 Qd5 17. Bd6 Rfd8 18. Bd3 Qg5 19. Qe2 Qh4 20. Be4 Nd5 21. Kh2 g6 22. g3 Qh6 23. Rd3 Rd7 {[#]} 24. Re1 (24. Bxd5 $1 $16 cxd5 25. Rad1) 24... Nc7 $11 25. a4 Rad8 26. Red1 Ne8 27. Be5 Qg7 28. f4 Qf8 29. b4 Be7 30. b5 $36 {[%mdl 2048] White has some pressure.} f6 31. bxc6 bxc6 32. Bxc6 fxe5 33. Bxd7 Rxd7 34. dxe5 (34. c6 $16 Rc7 35. fxe5) 34... Rxd3 (34... Rc7 $1 $11 {keeps the balance.}) 35. Qxd3 $16 {aiming for c6.} Bxc5 {[#]} 36. Qb5 (36. a5 $1 $16) 36... Nc7 $14 37. Qd7 Bb6 38. Rd6 g5 {[#]} 39. Rxb6 $1 {[%mdl 512]} axb6 40. Qxc7 gxf4 $2 (40... Qf5 $1 $14) 41. Qxb6 $18 fxg3+ $14 {[%mdl 4096] Endgame KQ-KQ} 42. Kg2 ({Don't take} 42. Kxg3 $6 Qg7+ 43. Kf2 Qxe5 $16) 42... Qa8+ 43. Kxg3 Qc8 $2 (43... Qd5 44. Qe3 Qc6 45. Qg5+ Kf8 46. Qf6+ Ke8 47. Qh8+ Kd7 48. Qxh7+ Kc8 49. Qg8+ Kc7) 44. Qd4 $18 Qa6 45. Kh4 Kf7 46. Kg5 Qb7 47. Qf4+ Kg8 48. Kh5 Qb3 49. Qg5+ Kf7 50. Kh6 Ke8 51. Qg8+ Kd7 52. Qxh7+ Kc6 53. Qe4+ Kc5 54. h4 Qb8 55. Qe3+ Kc4 56. Qe4+ Kc5 57. Kg7 Qe8 58. Kf6 Qg8 59. Qc2+ (59. h5 $142 Qh8+ 60. Kxe6) 59... Kb4 60. Qe4+ (60. Qd2+ $142 Kxa4 61. Qd7+ Ka5 62. Qxe6 Qd8+ 63. Qe7 Qh8+ 64. Kf7) 60... Kc5 $1 61. h5 Qh8+ 62. Kxe6 Qxh5 63. Qd5+ Kb6 64. Qb5+ Kc7 65. Qc5+ Kb7 66. Qb4+ Kc6 67. Qd6+ Kb7 68. a5 Qh3+ 69. Ke7 {Intending Qd7+ and mate.} Qh4+ 70. Ke8 {White wants to mate with Qe7+.} Qh8+ 71. Kd7 Qh7+ 72. Qe7 Qc2 73. Qb4+ (73. a6+ $18 Kxa6 74. Qd6+ Kb7 75. Qd5+ Kb6 76. e6 Qc7+ 77. Ke8) 73... Ka8 74. e6 {[%cal Be5e6,Be6e7][%mdl 32]} Qf5 75. a6 {[%csl Ga6][%cal Rb4b7]} Qh7+ 76. Qe7 (76. e7 $18 Qf5+ 77. Kc6 Qc8+ 78. Kd6 Qxa6+ 79. Ke5 Qc8 80. Qa4+ Kb7 81. Qb5+ Ka7 82. Qa5+ Kb7 83. Qb5+ Ka7 84. Kd6) 76... Qf5 77. Qd6 (77. a7 $18 Qb5+ 78. Kd8 Qa5+ 79. Ke8) 77... Ka7 78. Kd8 (78. Qc7+ $18 Kxa6 79. Qc6+ Ka7 80. Qa4+ Kb6 81. Qc6+ Ka7 82. Qc3) 78... Qg4 79. e7 Qg5 80. Qc6 {Precision: White = 45%, Black = 36%.} (80. Qc7+ $18 Kxa6 81. Qc6+ Ka5 82. Qd6) 1-0

[Event "XVIII Najdorf Open 2018"]
[Site "Warsaw"]
[Date "2018.07.09"]
[Round "2"]
[White "Kubicka, Anna"]
[Black "Warakomska, Anna"]
[Result "1-0"]
[WhiteElo "2172"]
[BlackElo "2342"]
[Annotator "NA"]
[PlyCount "75"]
[EventDate "2018.07.08"]
[EventCountry "POL"]
[SourceTitle "playchess.com"]
[Source "ChessBase"]
[SourceQuality "1"]

1. Nf3 d5 2. c4 c6 3. d4 Nf6 4. Nc3 dxc4 5. a4 Bf5 6. Ne5 Nbd7 7. Nxc4 Nb6 8. Ne5 a5 9. f3 Nfd7 10. Nxd7 Nxd7 11. e4 Bg6 12. Be2 Qb6 13. f4 e5 14. dxe5 f5 15. exf5 Bxf5 16. Bd3 Bxd3 17. Qxd3 O-O-O 18. Be3 Bc5 19. Bxc5 Nxc5 20. Qh3+ Kb8 21. Rd1 Rxd1+ 22. Nxd1 Rd8 23. Nf2 Nxa4 24. O-O Nxb2 25. e6 Qc5 26. Qf3 a4 27. h3 a3 28. Kh1 Nc4 29. f5 Qe5 30. Ng4 Qd6 31. Qc3 Qd3 32. Qxd3 Rxd3 33. Ne5 Rd4 34. Nxc4 Rxc4 35. Re1 a2 36. e7 Re4 37. Rxe4 a1=Q+ 38. Kh2 1-0

[Event "XVIII Najdorf Open 2018"]
[Site "Warsaw"]
[Date "2018.07.09"]
[Round "2"]
[White "Kucharska, Honorata"]
[Black "Chylewski, Patryk"]
[Result "0-1"]
[WhiteElo "2029"]
[BlackElo "2335"]
[Annotator "RC"]
[PlyCount "128"]
[EventDate "2018.07.08"]
[EventCountry "POL"]
[SourceTitle "playchess.com"]
[Source "ChessBase"]
[SourceQuality "1"]

1. e4 c5 2. Nf3 d6 3. d4 cxd4 4. Qxd4 a6 5. c4 Nc6 6. Qe3 Nf6 7. h3 g6 8. Be2 Bg7 9. O-O O-O 10. Nc3 Nd7 11. Rb1 Qa5 12. Bd2 Qc5 13. Nd5 e6 14. b4 Qxe3 15. Nxe3 f5 16. exf5 gxf5 17. Rfd1 Nde5 18. Nxe5 Bxe5 19. Nc2 Bd7 20. Bf3 Rfc8 21. Be3 Be8 22. Na3 Bg6 23. Rb3 Kf7 24. Bxc6 Rxc6 25. f4 Bf6 26. b5 axb5 27. Nxb5 Be7 28. a3 e5 29. Rc1 Ra4 30. Rb4 Ra5 31. Rb3 Kf6 32. h4 Bf7 33. fxe5+ dxe5 34. Bg5+ Ke6 35. Bd2 Bc5+ 36. Kh2 Ra4 37. Bb4 Bxb4 38. Rxb4 Rxb4 39. axb4 b6 40. Kg1 f4 41. Kf2 Kd7 42. c5 bxc5 43. bxc5 Ra6 44. Nc3 Ra5 45. g3 fxg3+ 46. Kxg3 Rxc5 47. Rd1+ Ke7 48. Ne4 Rc4 49. Re1 Bg6 50. Ng5 Rc3+ 51. Kf2 Rc5 52. Ra1 Kf6 53. Rf1 e4 54. Ke3+ Ke5 55. Nf7+ Kd5 56. Rd1+ Ke6 57. Ng5+ Ke5 58. Ra1 h6 59. Ra6 hxg5 60. Rxg6 Rc3+ 61. Kd2 Rd3+ 62. Ke2 gxh4 63. Rh6 Rh3 64. Rh8 Kf4 0-1

[Event "XVIII Najdorf Open 2018"]
[Site "Warsaw"]
[Date "2018.07.09"]
[Round "2"]
[White "Kaminski, Jan"]
[Black "Buksa, Nataliya"]
[Result "0-1"]
[WhiteElo "2013"]
[BlackElo "2337"]
[Annotator "NA"]
[PlyCount "70"]
[EventDate "2018.07.08"]
[EventCountry "POL"]
[SourceTitle "playchess.com"]
[Source "ChessBase"]
[SourceQuality "1"]

1. e4 c5 2. Nf3 Nc6 3. d4 cxd4 4. Nxd4 e5 5. Nb5 d6 6. c4 Be7 7. Bd3 Nb4 8. Be2 f5 9. a3 Nc6 10. exf5 Bxf5 11. O-O Nf6 12. Be3 O-O 13. N5c3 Qd7 14. Nd5 Nxd5 15. Qxd5+ Be6 16. Qd3 Bf6 17. Nc3 Nd4 18. Bxd4 exd4 19. Nb5 d5 20. c5 Bf5 21. Qd2 Qe7 22. Rac1 a6 23. Nd6 Be4 24. f3 Bg6 25. Bd3 Bg5 26. f4 Bxd3 27. Qxd3 Bxf4 28. Rce1 Be3+ 29. Kh1 Rxf1+ 30. Rxf1 Rf8 31. b4 Rxf1+ 32. Qxf1 Qf8 33. Qd1 Qf2 34. Nxb7 d3 35. c6 d2 0-1

[Event "XVIII Najdorf Open 2018"]
[Site "Warsaw"]
[Date "2018.07.10"]
[Round "3"]
[White "Salem, A.r. Saleh"]
[Black "Ostrovskiy, Andrey"]
[Result "1/2-1/2"]
[WhiteElo "2642"]
[BlackElo "2431"]
[Annotator "TA"]
[PlyCount "61"]
[EventDate "2018.07.08"]
[EventCountry "POL"]
[SourceTitle "playchess.com"]
[Source "ChessBase"]
[SourceQuality "1"]

{[%evp 19,61,11,62,43,37,38,44,-14,94,50,22,0,-4,-13,-18,-13,-15,-70,-64,-72,-64,-68,-61,-66,-50,-50,-71,-62,11,21,21,14,25,22,23,0,0,0,0,0,0,0,0,0]} 1. d4 Nf6 2. c4 e6 3. Nf3 b6 4. a3 Ba6 5. Qc2 Bb7 6. Nc3 c5 7. e4 cxd4 8. Nxd4 Nc6 9. Nxc6 Bxc6 10. Qe2 {E12: Queen's Indian: Unusual White 4th moves, 4 a3, 4 Nc3 Bb7 5 a3 and 4 Nc3 Bb7} e5 {LiveBook: 5 Games} (10... Bc5 $11) 11. g4 $146 {[%cal Bg2g4,Bg4g5][%mdl 32]} ({Predecessor:} 11. f3 Bc5 12. Be3 O-O 13. Qd2 Ne8 14. Bd3 Nc7 15. b4 Bxe3 16. Qxe3 Qh4+ 17. Qf2 Qg5 18. O-O Ne6 19. Rfd1 Rad8 20. Qg3 Qe3+ 21. Qf2 Qg5 22. Qg3 Qe3+ 23. Qf2 {½-½ (23) Kraemer,M (2571)-Zhigalko,S (2652) Moscow 2017}) 11... h6 12. h4 {White is slightly better.} Bc5 13. Rh3 (13. g5 $14) 13... g6 (13... Bd4 $11) 14. g5 Nh5 {[%cal Bf6h5,Bh5f4,Bf4g2][%mdl 32]} 15. Nd5 Bxd5 16. exd5 Qe7 17. Qe4 {[#] And now d6 would win.} Rc8 18. Rf3 ({White should play} 18. b4 $11 Bd6 19. Qf3 (19. gxh6 Nf4 $14)) 18... Bd6 $15 19. Bd2 Nf4 $1 20. O-O-O hxg5 21. hxg5 Rh4 22. Re1 {[#] Rxf4! is the strong threat.} Ng2 $1 {[%mdl 512]} 23. Rh3 (23. Bxg2 Rxc4+) 23... Rxe4 ({Better is} 23... Rxh3 $15 24. Qxg2 Rh4) 24. Rh8+ $11 Qf8 25. Rxf8+ Kxf8 26. Rxe4 Nf4 27. Kd1 f6 {The position is equal.} 28. gxf6 Kf7 29. Bc3 Rh8 30. Be2 g5 31. Bxe5 {Precision: White = 43%, Black = 58%.} 1/2-1/2

[Event "XVIII Najdorf Open 2018"]
[Site "Warsaw"]
[Date "2018.07.10"]
[Round "3"]
[White "Tomczak, Jacek"]
[Black "Nurkiewicz, Maciej"]
[Result "1/2-1/2"]
[WhiteElo "2600"]
[BlackElo "2368"]
[Annotator "TA"]
[PlyCount "49"]
[EventDate "2018.07.08"]
[EventCountry "POL"]
[SourceTitle "playchess.com"]
[Source "ChessBase"]
[SourceQuality "1"]

{[%evp 25,49,0,0,0,0,0,5,5,1,6,8,3,6,10,13,0,0,0,0,0,19,0,0,0,0,0]} 1. e4 e5 2. Nf3 Nf6 3. d4 Nxe4 4. Bd3 d5 5. Nxe5 Bd6 6. O-O Nd7 7. Nxd7 Bxd7 8. c4 c6 9. cxd5 cxd5 10. Qh5 O-O 11. Qxd5 Bc6 {C43: Russische Verteidigung (Petrow)} 12. Qh5 g6 13. Qh6 (13. Qh3 Ng5 14. Qg4 Ne6 15. d5 Bxd5 16. Nc3 Bc6 17. Bh6 Re8 18. Rad1 Qb6 19. Bxg6 Bxh2+ {½-½ (19) Gerzina,M (2498)-Bendana Guerrero,G (2416) ICCF email 2016}) 13... Re8 {[#] LiveBook: 4 Partien. Droht stark ...Lf8.Die Stellung ist ausgeglichen.} 14. Nc3 Bf8 $146 15. Qf4 $1 {[%cal Rc3e4]} Qxd4 16. Bxe4 Bxe4 17. Be3 Qe5 18. Qxe5 Rxe5 19. Nxe4 Rxe4 20. Rac1 Ra4 21. Rc7 Rxa2 22. Rxb7 Bg7 23. Rb1 a5 24. b3 h5 25. g3 1/2-1/2

[Event "XVIII Najdorf Open 2018"]
[Site "Warsaw"]
[Date "2018.07.10"]
[Round "3"]
[White "Bernadskiy, Vitaliy"]
[Black "Kubicka, Anna"]
[Result "1-0"]
[WhiteElo "2586"]
[BlackElo "2172"]
[Annotator "RC"]
[PlyCount "63"]
[EventDate "2018.07.08"]
[EventCountry "POL"]
[SourceTitle "playchess.com"]
[Source "ChessBase"]
[SourceQuality "1"]

1. Nf3 Nf6 2. g3 g6 3. Bg2 Bg7 4. O-O O-O 5. d4 d6 6. c4 c5 7. Nc3 Nc6 8. d5 Na5 9. Nd2 e6 10. Qc2 exd5 11. cxd5 a6 12. b3 b5 13. Bb2 Re8 14. e4 Bd7 15. Nd1 Rc8 16. Ne3 Ng4 17. Nxg4 Bxg4 18. Bxg7 Kxg7 19. Qc3+ Kg8 20. Rfe1 b4 21. Qb2 Qb6 22. Bf1 Bd7 23. a4 Re7 24. Re3 Rce8 25. Qf6 Bc8 26. Rae1 Qd8 27. f4 Rd7 28. Qb2 Rde7 29. e5 Bf5 30. g4 dxe5 31. gxf5 Qxd5 32. Ne4 1-0